000 01846nam a2200505 i 4500
001 46998
003 KOSZ 005
005 20200630132831.0
008 061121s1969 pl a f f 001 0 pol
015 _aPB 1974/6513
040 _aWA N
_cKOSZ 005/RW
_dKOSZ 005/RW
_dKOSZ 005/HR
041 1 _apol
_heng
046 _k1963
080 _a535
080 _a536.7
080 _a537.86
080 _a(075.8)
100 1 _aFeynman, Richard Phillips
_d(1918-1988)
_eAutor
245 1 0 _aFeynmana wykłady z fizyki.
_nT. 1, cz. 2 /
_cRichard P. Feynman, Robert. B. Leighton, Matthew Sands ; [tł. Andrzej Jurewicz et al.].
246 1 _iTyt. oryg.:
_aFeynman lectures on physics.
260 _aWarszawa :
_bPaństwowe Wydawnictwo Naukowe,
_c1969.
300 _a433 s. :
_bil., wykr. ;
_c25 cm.
336 _2rdacontent
_aTekst
_btxt
337 _2rdamedia
_aBez urządzenia pośredniczącego
_bn
338 _2rdacarrier
_aWolumin
_bnc
380 _aKsiążki.
380 _aPublikacje naukowe.
380 _aPublikacje dydaktyczne.
385 _mPoziom nauczania.
_aSzkoły wyższe.
388 _a1901-2000
388 _a1945-1989
500 _aTyt. oryg.: The Feynman lectures on physics.
504 _aIndeks.
658 _aFizyka i astronomia
655 4 _aPodręczniki akademickie
650 4 _aFale
650 4 _aOptyka
650 4 _aTermodynamika
700 1 _aJurewicz, Andrzej
_d(?-2004).
_eTłumaczenie
700 1 _aSands, Matthew Linzee
_d(1919-2014)
_eAutor
700 1 _aLeighton, Robert B.
_d(1919-1997)
_eAutor
710 2 _aPaństwowe Wydawnictwo Naukowe
_4pbl.
856 _uhttp://koha.tu.koszalin.pl/cgi-bin/koha/opac-detail.pl?biblionumber=46998
_yKatalog online BPK
942 _2UKD
_cKS
999 _c46998
_d46998